SUBJECTIVE PERCEPTION OF THE QUALITY OF LIFE

Bibliographic Details
Main Authors: Gullerová, Monika, 1978- (Author), Masárová, Tatiana (Author)
Format: Article
Language:English

MARC

LEADER 00000nab a2200000uu 4500
001 vtls010811329
003 SK-MaSNL
005 20260303193516.0
008 230222|2012 xo |||||||||||||||||eng|
015 |a SNBRB 
035 |a (urnnbn)urn:nbn:sk:snk:ar-003dsd 
035 |a (uuid)6047cfde-aea9-474a-8034-c02f24fdc924 
035 |a urn:nbn:sk:snk-ab8hml 
040 |a SNKBUCL  |b slo  |c SNKBUCL  |e AACR2 
041 0 |a eng 
044 |a xo  |c SK 
100 1 |a Gullerová, Monika,  |d 1978-  |4 aut  |9 12694 
245 1 0 |a SUBJECTIVE PERCEPTION OF THE QUALITY OF LIFE  |c Monika Gullerová, Tatiana Masárová 
246 3 |a Subjektívna percepcia kvality života 
700 1 |a Masárová, Tatiana  |4 aut  |9 341953 
773 0 |t Sociálno-ekonomická revue : vedecký časopis  |g Roč. 10, č. 4 (2012), s. 57-61 
958 |a OND 
958 |a EUIPO 
958 |a article10 
999 |c 2152809  |d 2154739